DuraJet.

Uloženo v:
Podrobná bibliografie
Korporativní autor: Struers (Ballerup, Denmark) (Autor)
Médium: Kniha
Jazyk:angličtina
Vydáno: [S.l.] : [s.n.], [2010]
Vydání:[1st ed.]
Témata:
On-line přístup: Získat plný text
Tagy: Přidat tag
Žádné tagy, Buďte první, kdo vytvoří štítek k tomuto záznamu!

MARC

LEADER 00000nam a2200000 4500
003 SK-BrCVT
005 20220617223125.0
008 100610s2010 dk e ||||||eng d
035 |a CVTIDW0000942 
040 |b slo  |a CVTI SR  |e AACR2 
041 0 |a eng 
044 |a dk 
080 |a 621.914.2  |2 UDC-MRF 
080 |a 62-5  |2 UDC-MRF 
080 |a 004.4  |2 UDC-MRF 
080 |a 620.178.15  |2 UDC-MRF 
080 |a 531.714  |2 UDC-MRF 
110 0 |a Struers (Ballerup, Denmark)  |4 aut 
245 1 0 |a DuraJet. 
250 |a [1st ed.] 
260 |a [S.l.] :  |b [s.n.],  |c [2010] 
300 |a [6 s.] :  |b fotogr., obr. ; 
653 1 |a fréza 
653 1 |a riadenie 
653 1 |a softvér 
653 1 |a meranie tvrdosti 
653 1 |a merací prístroj 
655 4 |a firemné prospekty 
856 4 |u http://www.struers.com 
910 |b F030093 
959 |a 5522 
959 |a 5001 
959 |a 5101 
959 |a 8102 
959 |a 2901 
974 |a agnesa.remenarova  |f Firemná literatúra 
992 |a FFP 
999 |c 153560  |d 153560